Child development for early years students and practitioners
Guardat en:
| Autor principal: | |
|---|---|
| Format: | Llibre |
| Idioma: | anglès |
| Publicat: |
Sage,
2016.
|
| Etiquetes: |
Afegir etiqueta
Sense etiquetes, Sigues el primer a etiquetar aquest registre!
|
MARC
| LEADER | 00000nam a22000007a 4500 | ||
|---|---|---|---|
| 008 | 210531b ||||| |||| 00| 0 eng d | ||
| 020 | |a 978-1-4739-4457-2 | ||
| 100 | |a NEAUM, Sally. | ||
| 245 | |a Child development for early years students and practitioners |c Sally Neaum |e (Early childhood studies series) |g viii, 198p.; ill | ||
| 250 | |b 3rd ed. | ||
| 260 | |b Sage, |c 2016. |h Los Angeles |i 692551 |i 692552 |l LB1115 .N25 |m Child development. |m Early childhood education | ||
| 500 | |a “It includes references and index.” | ||
| 942 | |a lcc |c BK |e Adekanye, I.H. |f 31/05/2021 | ||
| 952 | |0 0 |1 0 |2 lcc |4 0 |6 LB1115 N25 |7 0 |9 2528 |a HOL |b HOL |c LP |d 2021-05-31 |l 0 |o LB1115 .N25 |p 2021-6380 |r 2021-05-31 00:00:00 |w 2021-05-31 |y BK | ||
| 952 | |0 0 |1 0 |2 lcc |4 0 |6 LB1115 N25 |7 0 |9 2529 |a HOL |b ED |c LP |d 2021-05-31 |l 0 |o LB1115 .N25 |p 2021-6381 |r 2021-05-31 00:00:00 |w 2021-05-31 |y BK | ||
| 999 | |c 1315 |d 1315 | ||